000 012030000a22001930004500
020 _a84-97699-48-0
041 0 _aSPA
082 0 4 _aG 181 C9573f
245 1 0 _aFilosofías no occidentales / Miguel Cruz Hernández, Editor
260 _aSagasta, Madrid, España : Trotta
300 _a468 Pag.
505 0 0 _ael saber que busca el hombre: Miguel Cruz Hernández -- la filosofía china: Pilar Gonzáles España -- filosofía de la India I. Vedismo, brahmanismo, hinduismo: Fernando Tola -- la filosofía de la India II. Budismo: Carmen Dragonetti -- el pensamiento iranio: Francisco García Bazán -- el pensamiento islámico oriental en la edad media: Rafael Ramón Guerrero -- el pensamiento islámico occidental: Joaquín Lomba -- averroes: Josep Puig Montana -- el pensamiento islámico moderno y contemporáneo: Miguel Cruz Hernández -- la filosofía judía: Carlos del Valle -- maimónides: Miguel Cruz Hernández -- el nuevo pensamiento o el renacimiento del pensamiento judío en el siglo XX: Reyes Mate
650 1 4 _aFILOSOFIA ORIENTAL
001 1389
942 _cBK
999 _c32712
_d32712
336 _atexto
_btxt
_2rdacontent
337 _2rdamedia
_asin mediación
_bn
338 _2rdacarrier
_avolumen
_bnc